Ako ďalej v boji s varroatózou

Bibliographic Details
Main Authors: Vasiľ, Michal (Author), Kormanová, Mária (Author)
Format: Article
Language:Slovak
PhysicalDescription:Obr. 1. Tb. 3.
Subjects:

MARC

LEADER 00000nab a2200000 a 4500
001 vtls000160292
003 SK-MaSNL
005 20260304062512.0
008 250422c1983 xo 0 slo
015 |a SNBRB19rr/mm-uuuuu 
035 |a CL0170402 
035 |a urn:nbn:sk:snk-abdlu9 
035 |a (urnnbn)urn:nbn:sk:snk:ar-003bk0 
035 |a (uuid)15de8248-dd46-4609-b5eb-f4f210435d00 
040 |a SNKBUCL  |b slo  |c SNKBUCL  |e AACR2 
041 0 |a slo 
044 |a xo  |c SK 
080 |a 638.15  |2 1981 
100 1 |a Vasiľ, Michal  |4 aut  |9 513834 
245 1 0 |a Ako ďalej v boji s varroatózou  |c Michal Vasiľ, Mária Kormanová 
300 |b Obr. 1. Tb. 3. 
650 0 7 |a varroáza  |2 snkbucl  |9 182598 
650 0 7 |a včelstvá  |2 snkbucl  |9 16615 
655 7 |a články z novín a časopisov  |2 snkbucl  |9 267496 
700 1 |a Kormanová, Mária  |4 aut  |9 1347883 
773 0 |t Včelár  |g Roč. 57, č. 7 (1983), s. 160-161 
850 |a Slovenská národná knižnica 
852 |a Slovenská národná knižnica 
954 |a odborná, vedecká literatúra pôvodná (slovenská)  |2 lita 
958 |a article19 
958 |a OND 
958 |a RK 
958 |a EUIPO 
992 |a RBX 
999 |c 2738521  |d 2740451